<?xml version="1.0" encoding="UTF-8"?>
<record
    xmlns:xsi="http://www.w3.org/2001/XMLSchema-instance"
    xsi:schemaLocation="http://www.loc.gov/MARC21/slim http://www.loc.gov/standards/marcxml/schema/MARC21slim.xsd"
    xmlns="http://www.loc.gov/MARC21/slim">

  <leader>00702nam a22001337a 4500</leader>
  <datafield tag="040" ind1=" " ind2=" ">
    <subfield code="c">RUA</subfield>
  </datafield>
  <datafield tag="082" ind1=" " ind2=" ">
    <subfield code="a">AGR MON 2017 B630 Or.1</subfield>
  </datafield>
  <datafield tag="100" ind1=" " ind2=" ">
    <subfield code="a">MON SOKIM &#x1798;&#x17C9;&#x17BB;&#x1784; &#x179F;&#x17BB;&#x1781;&#x1782;&#x17B8;&#x1798;</subfield>
  </datafield>
  <datafield tag="245" ind1=" " ind2=" ">
    <subfield code="a">genotypic variation in morphological traits of rice (Oryza sativa L) under salt stress condition &#x1780;&#x17B6;&#x179A;&#x1786;&#x17D2;&#x179B;&#x17BE;&#x1799;&#x178F;&#x1794;&#x179B;&#x17BE;&#x179B;&#x1780;&#x17D2;&#x1781;&#x178E;&#x17C7;&#x179A;&#x17BC;&#x1794;&#x179F;&#x17B6;&#x179F;&#x17D2;&#x179A;&#x17D2;&#x178F;&#x179A;&#x1794;&#x179F;&#x17CB;&#x179F;&#x17C1;&#x178E;&#x17BC;&#x1791;&#x17B8;&#x1794;&#x179F;&#x17D2;&#x179A;&#x17BC;&#x179C;&#x1795;&#x17D2;&#x179F;&#x17C1;&#x1784;&#x17D7;&#x1780;&#x17D2;&#x179A;&#x17C4;&#x1798;&#x179B;&#x1780;&#x17D2;&#x1781;&#x178E;&#x17D2;&#x178C;&#x179F;&#x17D2;&#x179A;&#x17C1;&#x17D2;&#x178F;&#x17A2;&#x17C6;&#x1794;&#x17B7;&#x179B;&#x179F;</subfield>
  </datafield>
  <datafield tag="260" ind1=" " ind2=" ">
    <subfield code="a">RUA</subfield>
    <subfield code="b">phnom penh </subfield>
    <subfield code="c">2017</subfield>
  </datafield>
  <datafield tag="300" ind1=" " ind2=" ">
    <subfield code="a">xiv;32p</subfield>
    <subfield code="b">ill;</subfield>
    <subfield code="c">29cm</subfield>
  </datafield>
  <datafield tag="856" ind1=" " ind2=" ">
    <subfield code="u">https://drive.google.com/file/d/1M_ATzV5lIIhq1DIfQYilKvKHGKV6y0hG/view?usp=sharing</subfield>
  </datafield>
  <datafield tag="942" ind1=" " ind2=" ">
    <subfield code="c">AGR</subfield>
  </datafield>
  <datafield tag="999" ind1=" " ind2=" ">
    <subfield code="c">17958</subfield>
    <subfield code="d">17958</subfield>
  </datafield>
  <datafield tag="952" ind1=" " ind2=" ">
    <subfield code="0">0</subfield>
    <subfield code="1">0</subfield>
    <subfield code="2">ddc</subfield>
    <subfield code="4">0</subfield>
    <subfield code="6">AGR_MON_2017_000000000000000_B630_OR_1</subfield>
    <subfield code="7">0</subfield>
    <subfield code="9">79364</subfield>
    <subfield code="a">LBB</subfield>
    <subfield code="b">LBB</subfield>
    <subfield code="c">B633</subfield>
    <subfield code="d">2019-07-12</subfield>
    <subfield code="o">AGR MON 2017 B630 Or.1</subfield>
    <subfield code="p">A44648</subfield>
    <subfield code="r">2019-07-12</subfield>
    <subfield code="w">2019-07-12</subfield>
    <subfield code="y">AGR</subfield>
  </datafield>
  <datafield tag="952" ind1=" " ind2=" ">
    <subfield code="0">0</subfield>
    <subfield code="1">0</subfield>
    <subfield code="2">ddc</subfield>
    <subfield code="4">0</subfield>
    <subfield code="6">AGR_MON_2017_000000000000000_B630_OR_2</subfield>
    <subfield code="7">0</subfield>
    <subfield code="9">79365</subfield>
    <subfield code="a">LBB</subfield>
    <subfield code="b">LBB</subfield>
    <subfield code="c">B633</subfield>
    <subfield code="d">2019-07-12</subfield>
    <subfield code="o">AGR MON 2017 B630 Or.2</subfield>
    <subfield code="p">A44747</subfield>
    <subfield code="r">2019-07-12</subfield>
    <subfield code="w">2019-07-12</subfield>
    <subfield code="y">AGR</subfield>
  </datafield>
  <datafield tag="952" ind1=" " ind2=" ">
    <subfield code="0">0</subfield>
    <subfield code="1">0</subfield>
    <subfield code="2">ddc</subfield>
    <subfield code="4">0</subfield>
    <subfield code="6">AGR_MON_2017_000000000000000_B630_OR_3</subfield>
    <subfield code="7">0</subfield>
    <subfield code="9">79366</subfield>
    <subfield code="a">LBB</subfield>
    <subfield code="b">LBB</subfield>
    <subfield code="c">B633</subfield>
    <subfield code="d">2019-07-12</subfield>
    <subfield code="o">AGR MON 2017 B630 Or.3</subfield>
    <subfield code="p">A44895</subfield>
    <subfield code="r">2019-07-12</subfield>
    <subfield code="w">2019-07-12</subfield>
    <subfield code="y">AGR</subfield>
  </datafield>
  <datafield tag="952" ind1=" " ind2=" ">
    <subfield code="0">0</subfield>
    <subfield code="1">0</subfield>
    <subfield code="2">ddc</subfield>
    <subfield code="4">0</subfield>
    <subfield code="6">AGR_MON_2017_000000000000000_B630_OR_4</subfield>
    <subfield code="7">0</subfield>
    <subfield code="9">79367</subfield>
    <subfield code="a">LBB</subfield>
    <subfield code="b">LBB</subfield>
    <subfield code="c">B633</subfield>
    <subfield code="d">2019-07-12</subfield>
    <subfield code="o">AGR MON 2017 B630 Or.4</subfield>
    <subfield code="p">A44889</subfield>
    <subfield code="r">2019-07-12</subfield>
    <subfield code="w">2019-07-12</subfield>
    <subfield code="y">AGR</subfield>
  </datafield>
  <datafield tag="952" ind1=" " ind2=" ">
    <subfield code="0">0</subfield>
    <subfield code="1">0</subfield>
    <subfield code="2">ddc</subfield>
    <subfield code="4">0</subfield>
    <subfield code="6">AGR_MON_2017_000000000000000_B630_OR_5</subfield>
    <subfield code="7">0</subfield>
    <subfield code="9">79368</subfield>
    <subfield code="a">LBB</subfield>
    <subfield code="b">LBB</subfield>
    <subfield code="c">B633</subfield>
    <subfield code="d">2019-07-12</subfield>
    <subfield code="o">AGR MON 2017 B630 Or.5</subfield>
    <subfield code="p">A44338</subfield>
    <subfield code="r">2019-07-12</subfield>
    <subfield code="w">2019-07-12</subfield>
    <subfield code="y">AGR</subfield>
  </datafield>
  <datafield tag="952" ind1=" " ind2=" ">
    <subfield code="0">0</subfield>
    <subfield code="1">0</subfield>
    <subfield code="2">ddc</subfield>
    <subfield code="4">0</subfield>
    <subfield code="6">AGR_MON_2017_000000000000000_B630_OR_6</subfield>
    <subfield code="7">0</subfield>
    <subfield code="9">79369</subfield>
    <subfield code="a">LBB</subfield>
    <subfield code="b">LBB</subfield>
    <subfield code="c">B633</subfield>
    <subfield code="d">2019-07-12</subfield>
    <subfield code="o">AGR MON 2017 B630 Or.6</subfield>
    <subfield code="p">A44257</subfield>
    <subfield code="r">2019-07-12</subfield>
    <subfield code="w">2019-07-12</subfield>
    <subfield code="y">AGR</subfield>
  </datafield>
</record>
